LEADER 01309nam a2200289 i 4500 001 991000863909707536 008 201009s1968 enka b 001 0 eng 035 $ab13923614-39ule_inst 040 $aBiblioteca Interfacoltà$bita 082 04$a709.32 100 1 $aUcko, Peter J.$0194139 245 10$aAnthropomorphic figurines of predynastic Egypt and neolithic Crete with comparative material from the prehistoric Near East and mainland Greece /$cPeter J. Ucko 260 $aLondon :$bA. Szmidla,$c1968 300 $aXVI, 530 p. :$bill. ;$c30 cm. 440 0$aOccasional papers / Royal Anthropological Institute ;$v24 650 4$aArte egiziana 650 4$aAntropomorfismo nell'arte egiziana 650 4$aAntropomorfismo nell'arte greca 650 4$aAntropomorfismo nell'arte minoica 650 4$aArte minoica 650 4$aArte greca 907 $a.b13923614$b02-04-14$c24-09-10 912 $a991000863909707536 945 $aLE002 Museo Papirologico BELT 709.32 UCK$g1$i2002000616388$lle002$og$pE148.00$q-$rn$so $t0$u0$v0$w0$x0$y.i15175625$z24-09-10 996 $aAnthropomorphic figurines of predynastic Egypt and neolithic Crete with comparative material from the prehistoric Near East and mainland Greece$9249825 997 $aUNISALENTO 998 $ale002$b24-09-10$cm$da $e-$feng$genk$h0$i0 LEADER 01312nam0 22003133i 450 001 AQ10005708 005 20251003044041.0 010 $a0387576487$bNew York 010 $a3540576487$bBerlin 100 $a20110928d1994 ||||0itac50 ba 101 | $aeng 102 $ade 181 1$6z01$ai $bxxxe 182 1$6z01$an 200 1 $aˆAn ‰extended entity-relationship model$efundamentals and pragmatics$fMartin Gogolla 210 $aBerlin [etc.]$cSpringer$d1994 215 $aX, 136 p.$d24 cm 225 | $aLecture notes in computer science$fedited by G. Goos and J. Hartmanis$v767 410 0$1001MIL0030703$12001 $aLecture notes in computer science$fedited by G. Goos and J. Hartmanis$v767$1702 1$aGoos$b, Gerhard$3AQ1V006441$4340 676 $a005.75$9Specifici tipi di file di dati e base di dati$v14 676 $a005.756$9Basi di dati relazionali$v22 700 1$aGogolla$b, Martin$f <1954- >$3AQ1V003002$4070$0714615 801 3$aIT$bIT-000000$c20110928 850 $aIT-BN0095 912 $aAQ10005708 950 0$aBiblioteca Centralizzata di Ateneo$c193 v.$d 01COLL. ING. LNCS$e 0102 0000018445 VMA FD767 v. 767$fY $h19950310$i20110928 977 $a 01 996 $aExtended entity-relationship model$91381947 997 $aUNISANNIO